00421nmm a2200133Ia 4500008004100000041000800041100002600049245006000075264003900135300001800174490001200192650003200204856005100236251105s9999||||xx |||||||||||||||||und|| aspa aGuamán, Adoración 0aTTIP : el asalto de las multinacionales a la democracia a[Madrid, España] :bAkal, c2015 a192 páginas aA fondo aPolitical Science (General) uhttps://public.digitaliapublishing.com/a/39778